| 000 | 00526nmm a2200157Ia 4500 | ||
|---|---|---|---|
| 008 | 251105s9999||||xx |||||||||||||||||und|| | ||
| 020 | _a9789580613503 | ||
| 041 | _aspa | ||
| 100 | _aClavijo, Adolfo | ||
| 245 | 0 |
_aColombia: ¿Un salto al vacío? : _b Incoherencia e impunidad, manifestaciones de un mal manejo del estado |
|
| 264 |
_a[Bogotá, Colombia] : _bOveja Negra, _c2016 |
||
| 300 | _a269 páginas | ||
| 650 | _aPolitical Science (General) | ||
| 856 | _uhttps://public.digitaliapublishing.com/a/46712 | ||
| 942 | _cCF | ||
| 999 |
_c94990 _d94990 |
||